000 01037nam a22002417a 4500
005 20240305165621.0
007 cr|||| ||||
008 211109s2014 br |||||s|||| 00||0 por d
020 _a978-85-8310-024-9
035 _a35368
040 _avLex
090 _c12642
_d12642
100 1 _aBrun Goldschimidt, Fabio
245 1 0 _aTeoria da Proibição de Bis In Idem no Direito Tributário e Sancionador Tributário
_h[Recurso electrónico] /
_cFabio Brun Goldschimidt
256 _aServicio en línea
260 _aSan Pablo:
_bEditora Noeses,
_c2014
300 _a1 recurso electrónico
506 1 _aDisponible solo en los productos indicados
_dvLex Global
_dvLex Global (Academic Edition, excluding Law Schools)
_dvLex Global (U.S. Academic Edition, Law Schools)
_dvLex Global (U.S. Academic Edition, excluding Law Schools)
_dvLex Global (Academic Edition, Law Schools)
650 0 4 _aDerecho Tributario
_zBrasil
740 0 _avLex Libros (Servicio en línea)
856 4 0 _uhttps://app.vlex.com/#/sources/35368
942 _cRAA
999 _c170878
_d170878